Province italiane per superficie - Statistics

Statistiche generali
  • Questo quiz è stato fatto 46 volte
  • Il punteggio medio è 19 su 20
Statistiche sulle risposte
Superficie (km²) Regione Provincia % Corretto
7398,381 Trentino-Alto Adige Bolzano
100%
6827,001 Piemonte Torino
100%
6207,120 Trentino-Alto Adige Trento
100%
3862,879 Puglia Bari
98%
7007,536 Puglia Foggia
98%
5009,282 Sicilia Palermo
98%
6337,151 Umbria Perugia
98%
6594,437 Basilicata Potenza
98%
4954,158 Campania Salerno
98%
6709,750 Calabria Cosenza
95%
5047,548 Abruzzo L'Aquila
95%
5363,285 Lazio Roma
95%
4969,30 Friuli-Venezia Giulia Udine
95%
4785,624 Lombardia Brescia
93%
6894,936 Piemonte Cuneo
93%
5638,020 Sardegna Nuoro
93%
7691,750 Sardegna Sassari
93%
3820,980 Toscana Siena
93%
6530 Sardegna Sud Sardegna
93%
4503,124 Toscana Grosseto
88%
Nessun quiz corrispondente trovato
Distribuzione punteggi
Percentuale di utenti per punteggio
Percentile per numero di risposta
I tuoi punteggi nel tempo
Non hai fatto questo quiz